| 000 | 00405nam a2200157 i 4500 | ||
|---|---|---|---|
| 001 | 45854 | ||
| 003 | ES-MaACL | ||
| 005 | 20230906161305.0 | ||
| 007 | t| | ||
| 008 | 030327s1866 gw ||||1| eng d | ||
| 100 | 1 |
_aCollins, Wilkie. _939744 |
|
| 245 | 1 | 0 |
_aArmadale / _cWilkie Collins. |
| 260 |
_aLeipzig : _bBernard Janchnitz, _c1866. |
||
| 300 |
_a3 t. en 1 v. ; _c16 cm. |
||
| 852 |
_aES-MaACL _jG-11366 |
||
| 999 |
_c45854 _d45854 |
||